000 00616nam a2200253Ia 4500
003 OSt
005 20221005131129.0
006 a|||||r|||| 00| 0
007 ta
008 221004b |||||||| |||| 00| 0 eng d
024 _a57012
037 _cTextual
040 _aCRL
_cCRL
_beng
041 _2eng
_aeng
082 _aU:23653k, E8
110 _aPunjab
245 0 _aShahpur [district gazetteers
_b] 1917.
260 _c1918
490 _aPunjab district gazetteers, 30 A.
650 _aGEOGRAPHY
700 _aPunjab
942 _hU:23653k, E8
_cTEXL
_2cc
999 _c1059426
_d1059426